000 00557nam a2200157 i 4500
001 66008
003 ES-MaACL
007 t|
008 040126s1895 xxk ||||1| eng d
100 1 _aFurtwèangler, Adolf.
_9127170
245 1 0 _aMasterpieces of greek sculpture
_b: a series of essays on the history of art /
_cby Adolf Furthwèangler ; edited by Eugénie Sellers.
260 _aLondon :
_bHeinemann,
_c1895 (
_fRichard Clay and Sons)
300 _aXXIII, 487 p., 18 lám. ;
_c32 cm.
700 1 _aSellers, Eugénie.
_9105325
852 _aES-MaACL
_jG-5000
999 _c66008
_d66008